[Event "POL-chT4 Slaskie"]
[Site "Poland"]
[Date "2008.02.24"]
[Round "4.74"]
[White "Bien, Zygmunt"]
[Black "Sowa, Marcin"]
[Result "0-1"]
[WhiteElo "1988"]
[BlackElo "1977"]
[PlyCount "70"]
[EventDate "2008.02.10"]
[EventType "team-swiss"]
[EventRounds "9"]
[EventCountry "POL"]
[SourceTitle "EXT 2019"]
[Source "ChessBase"]
[SourceDate "2018.10.10"]
[SourceVersion "1"]
[SourceVersionDate "2018.10.10"]
[SourceQuality "1"]

1. e4 c5 2. Nc3 Nc6 3. g3 e6 4. Bg2 Nge7 5. f4 d5 6. d3 d4 7. Nce2 Ng6 8. Nf3 Be7 9. 0-0 0-0 10. g4 Nh4 11. Nxh4 Bxh4 12. Ng3 Be7 13. Bd2 f6 14. f5 Ne5 15. h3 c4 16. Bf4 cxd3 17. cxd3 Qa5 18. Qb3 Qb4 19. Qxb4 Bxb4 20. Bxe5 fxe5 21. g5 exf5 22. exf5 Bd2 23. Bd5+ Kh8 24. f6 Bxh3 25. fxg7+ Kxg7 26. Rxf8 Rxf8 27. Ne4 Be3+ 28. Kh2 Bf1 29. Bc4 Rf3 30. Ng3 Rf2+ 31. Kh1 Bg2+ 32. Kh2 Bc6+ 33. Kh3 Bd7+ 34. Nf5+ Bxf5+ 35. Kg3 Rxb2 0-1